[Event "World Junior Open 2015"]
[Site "Khanty-Mansiysk RUS"]
[Date "2015.09.04"]
[Round "3.6"]
[White "Barbot, Pierre1"]
[Black "Van Foreest, Jorden"]
[Result "0-1"]
[WhiteTitle "FM"]
[BlackTitle "IM"]
[WhiteElo "2455"]
[BlackElo "2541"]
[WhiteFideId "663727"]
[BlackFideId "1039784"]
[EventDate "2015.09.02"]

1. d4 Nf6 2. c4 g6 3. Nc3 Bg7 4. e4 d6 5. Nf3 O-O 6. h3 e5 7. d5 Nh5 8. g3 Na6
9. Be2 f5 10. exf5 gxf5 11. Bg5 Nf6 12. Qc2 h6 13. Be3 c6 14. O-O-O cxd5 15.
cxd5 Bd7 16. Nh4 Rc8 17. Bxa6 bxa6 18. Nxf5 Bxf5 19. Qxf5 Qa5 20. Kd2 Qb4 21.
Rc1 Rc4 22. Ke2 Qxb2+ 23. Rc2 Qb7 24. Rhc1 Rfc8 25. Qe6+ Kh8 26. Kf1 Qc7 27. Kg2
Rf8 28. g4 Kh7 29. Qf5+ Kh8 30. Qd3 Rc8 31. Qg6 Nh7 32. Bxh6 Bxh6 33. Qxh6 Qe7
34. Qd2 Qg5 35. Qd3 Rd4 36. Ne4 Rxc2 37. Qxc2 Rxe4 38. Qc8+ Qg8 39. Qf5 Rf4 40.
Rc8 Rxf5 0-1

[Event "World Junior Open 2015"]
[Site "Khanty-Mansiysk RUS"]
[Date "2015.09.04"]
[Round "3.7"]
[White "Rambaldi, Francesco"]
[Black "Studer, Noel"]
[Result "1-0"]
[WhiteTitle "IM"]
[BlackTitle "IM"]
[WhiteElo "2540"]
[BlackElo "2422"]
[WhiteFideId "20657307"]
[BlackFideId "1319620"]
[EventDate "2015.09.02"]

1. d4 e6 2. c4 Nf6 3. Nc3 Bb4 4. g3 c5 5. Nf3 cxd4 6. Nxd4 Ne4 7. Bd2 Nxc3 8.
Bxc3 Bxc3+ 9. bxc3 a6 10. Bg2 O-O 11. O-O d6 12. Qa4 Nd7 13. Qa3 Qc7 14. Nb5
Qxc4 15. Nxd6 Qc5 16. Qb4 Rb8 17. Rfd1 b6 18. Rab1 Qxb4 19. cxb4 Nf6 20. Rbc1
Bd7 21. Rd3 a5 22. b5 e5 23. f4 exf4 24. gxf4 Bg4 25. Kf2 g6 26. Bc6 Nh5 27. e3
Rbd8 28. Bf3 Bf5 29. Rd4 Ng7 30. Rc6 Be6 31. Rxb6 Bxa2 32. Ra4 Be6 33. Rxa5 Nf5
34. Nxf5 gxf5 35. Rba6 Bc4 36. Rc6 Bd5 37. Rc5 Bxf3 38. Kxf3 Rd3 39. Rxf5 Re8
40. Re5 Rxe5 41. fxe5 Rb3 42. Ke4 Rb2 43. h3 1-0

[Event "World Junior Open 2015"]
[Site "Khanty-Mansiysk RUS"]
[Date "2015.09.04"]
[Round "3.8"]
[White "Bajarani, Ulvi"]
[Black "Loiseau, Quentin"]
[Result "1/2-1/2"]
[WhiteTitle "GM"]
[BlackTitle "IM"]
[WhiteElo "2535"]
[BlackElo "2419"]
[WhiteFideId "13403028"]
[BlackFideId "665274"]
[EventDate "2015.09.02"]

1. d4 d5 2. c4 c6 3. Nf3 Nf6 4. e3 Bf5 5. Nc3 e6 6. Bd3 Bxd3 7. Qxd3 Nbd7 8. O-O
Be7 9. b3 O-O 10. Bb2 Qc7 11. Rad1 Rfd8 12. Rfe1 Rac8 13. a3 Bf8 14. e4 Nc5 15.
dxc5 dxe4 16. Qe3 exf3 17. gxf3 Rxd1 18. Nxd1 Rd8 19. b4 Qd7 20. Nc3 Qd3 21.
Qxd3 Rxd3 22. Re3 Rd2 23. Re2 Rd4 24. Ne4 Rd1+ 25. Kg2 Nh5 26. Rd2 Nf4+ 27. Kg3
Rxd2 28. Nxd2 Nd3 29. Bd4 e5 30. Bc3 Be7 31. Nb3 Bd8 32. f4 Bc7 33. fxe5 Nxe5
34. Bxe5 Bxe5+ 35. f4 Bb2 36. Na5 Bxa3 37. b5 Bxc5 38. Nxb7 Bb6 39. bxc6 Kf8 40.
Nc5 Ke7 41. Na6 Ba5 1/2-1/2

[Event "World Junior Open 2015"]
[Site "Khanty-Mansiysk RUS"]
[Date "2015.09.04"]
[Round "3.9"]
[White "Bai, Jinshi"]
[Black "Saiyn, Zhanat"]
[Result "1/2-1/2"]
[WhiteTitle "IM"]
[BlackTitle "IM"]
[WhiteElo "2519"]
[BlackElo "2413"]
[WhiteFideId "8602280"]
[BlackFideId "13703820"]
[EventDate "2015.09.02"]

1. d4 Nf6 2. c4 e6 3. g3 Bb4+ 4. Bd2 Be7 5. Bg2 d5 6. Nf3 O-O 7. O-O c6 8. Qc2
b6 9. Bf4 Bb7 10. Rd1 Nbd7 11. Ne5 Nh5 12. Bd2 Nhf6 13. cxd5 cxd5 14. Nc6 Bxc6
15. Qxc6 a6 16. Qc2 b5 17. Nc3 Rc8 18. Qd3 Nb6 19. e3 Nc4 20. Bc1 Qa5 21. Nb1
Rc6 22. b3 Nd6 23. a4 b4 24. Bb2 Nde4 25. Nd2 Nc3 26. Rdc1 Rfc8 27. Kf1 R8c7 28.
h3 Qb6 29. Rc2 Qb8 30. Rac1 Qc8 31. Ke1 Na2 32. Rxc6 Nxc1 33. Rxc1 Rxc1+ 34.
Bxc1 Qxc1+ 35. Ke2 Qc8 36. Kd1 g6 37. g4 h6 38. Qc2 Qxc2+ 39. Kxc2 Bd8 40. e4
Kf8 41. exd5 exd5 42. Nf1 Ke7 43. Ne3 Ke6 44. f4 g5 45. Nf5 Ng8 46. Ne3 Nf6 47.
f5+ Kd6 48. Kd3 a5 49. Bf3 Bb6 50. Ng2 Bd8 51. Ne3 Bb6 52. Nd1 Nd7 53. Ne3 Nf6
54. Nd1 Nd7 55. Ne3 1/2-1/2

[Event "World Junior Open 2015"]
[Site "Khanty-Mansiysk RUS"]
[Date "2015.09.04"]
[Round "3.10"]
[White "Abasov, Nijat"]
[Black "Makhnyov, Denis"]
[Result "1/2-1/2"]
[WhiteTitle "GM"]
[BlackTitle "FM"]
[WhiteElo "2511"]
[BlackElo "2358"]
[WhiteFideId "13402960"]
[BlackFideId "13707647"]
[EventDate "2015.09.02"]

1. Nf3 Nf6 2. c4 e6 3. g3 b6 4. Bg2 Bb7 5. d4 Be7 6. O-O O-O 7. Re1 d5 8. cxd5
Nxd5 9. e4 Nf6 10. Nc3 Nbd7 11. Bf4 Bb4 12. Qc2 h6 13. Rad1 Qc8 14. a3 Bxc3 15.
bxc3 c5 16. Bd6 Re8 17. e5 Nd5 18. c4 Nc7 19. d5 exd5 20. Bxc7 Qxc7 21. cxd5
Rad8 22. Qc3 b5 23. d6 Qb6 24. Nh4 Bxg2 25. Kxg2 b4 26. axb4 cxb4 27. Qb2 Qc6+
28. Kg1 Qc5 29. Rc1 Rxe5 30. Rxc5 Rxe1+ 31. Kg2 Nxc5 32. Nf5 Ne6 33. Qxb4 Rc1
34. Qb7 Rc5 35. g4 a5 36. Ne7+ Kh7 37. Nf5 Kg8 38. Ne7+ Kh7 39. Nf5 Kg8 1/2-1/2

[Event "World Junior Open 2015"]
[Site "Khanty-Mansiysk RUS"]
[Date "2015.09.04"]
[Round "3.11"]
[White "Korchmar, Vasiliy"]
[Black "Gordievsky, Dmitry"]
[Result "0-1"]
[WhiteTitle "IM"]
[BlackTitle "FM"]
[WhiteElo "2409"]
[BlackElo "2511"]
[WhiteFideId "24131750"]
[BlackFideId "24112798"]
[EventDate "2015.09.02"]

1. d4 Nf6 2. c4 e6 3. g3 c5 4. d5 exd5 5. cxd5 d6 6. Nc3 g6 7. Bg2 Bg7 8. Nf3
O-O 9. O-O Re8 10. Bf4 Na6 11. Re1 Bg4 12. Nd2 Nh5 13. Be3 Rxe3 14. fxe3 Qe7 15.
Nf1 Bd7 16. Qd3 Nf6 17. h3 Re8 18. a3 Rc8 19. Qc4 Nc7 20. a4 a6 21. a5 Bb5 22.
Qf4 Re8 23. Kh2 Nh5 24. Qf2 Be5 25. Bf3 Nf6 26. Nd2 h5 27. Kh1 Kg7 28. Rg1 Bd7
29. Qg2 Bxc3 30. bxc3 Ncxd5 31. Nc4 Bb5 32. e4 Nxc3 33. Nd2 Ncxe4 34. Nxe4 Nxe4
35. Bxe4 Qxe4 36. Qxe4 Rxe4 37. Rgd1 Bc6 38. Kg1 Rxe2 39. Rxd6 Rg2+ 40. Kf1 Rxg3
41. Rc1 c4 0-1

[Event "World Junior Open 2015"]
[Site "Khanty-Mansiysk RUS"]
[Date "2015.09.04"]
[Round "3.13"]
[White "Harsha, Bharathakoti"]
[Black "Cori, Jorge"]
[Result "1/2-1/2"]
[BlackTitle "GM"]
[WhiteElo "2393"]
[BlackElo "2637"]
[WhiteFideId "5078776"]
[BlackFideId "3802272"]
[EventDate "2015.09.02"]

1. Nf3 Nf6 2. c4 c5 3. Nc3 g6 4. g3 b6 5. Bg2 Bb7 6. O-O Bg7 7. Re1 O-O 8. e4
Nc6 9. e5 Ne8 10. d4 d6 11. Bf4 Na5 12. b3 dxe5 13. dxe5 Nc7 14. Qc1 Qc8 15. Bh6
Rd8 16. Ne4 Nc6 17. Bxg7 Kxg7 18. Neg5 Nd4 19. Qf4 Qf5 20. Qxf5 Nxf5 21. Nh4
Nxh4 22. Bxb7 Rab8 23. Be4 Nf5 24. Bxf5 gxf5 25. Rad1 b5 26. e6 Rxd1 27. Rxd1
Nxe6 28. Nxe6+ fxe6 29. cxb5 Rxb5 30. Rd7 Ra5 31. Rxe7+ Kf6 32. Rc7 h5 33. a4
Ke5 34. Rh7 Kd4 35. Kf1 Ra6 36. Ke2 Kc3 37. Rb7 Rb6 38. Rxa7 Rxb3 39. a5 c4 40.
a6 Rb6 41. Ra8 Rc6 42. a7 Rc7 43. f4 Kc2 44. h4 c3 45. Ke3 Kc1 46. Ke2 c2 47.
Kf2 Re7 48. Kf3 Rd7 49. Ke2 Rb7 50. Kf2 Rc7 51. Ke2 Rd7 52. Ke1 Re7 53. Kf2 Rb7
54. Ke2 Rc7 55. Kf2 Re7 56. Kf3 1/2-1/2

[Event "World Junior Open 2015"]
[Site "Khanty-Mansiysk RUS"]
[Date "2015.09.04"]
[Round "3.14"]
[White "Johansson, Linus"]
[Black "Chigaev, Maksim"]
[Result "0-1"]
[WhiteTitle "IM"]
[BlackTitle "IM"]
[WhiteElo "2400"]
[BlackElo "2531"]
[WhiteFideId "1711113"]
[BlackFideId "4108116"]
[EventDate "2015.09.02"]

1. d4 Nf6 2. c4 g6 3. Nc3 Bg7 4. Bg5 O-O 5. Nf3 h6 6. Bh4 c5 7. d5 d6 8. e3 Qb6
9. Rb1 Qa5 10. Bd3 b5 11. cxb5 Nxd5 12. O-O Nxc3 13. bxc3 Qc7 14. a4 Bb7 15. a5
a6 16. b6 Qd7 17. Qc2 Nc6 18. Ra1 f5 19. Nd2 g5 20. Bg3 f4 21. exf4 gxf4 22. Bh4
Qg4 23. g3 fxg3 24. fxg3 Bd4+ 0-1

[Event "World Junior Open 2015"]
[Site "Khanty-Mansiysk RUS"]
[Date "2015.09.04"]
[Round "3.15"]
[White "Pichot, Alan"]
[Black "Akash, G"]
[Result "1-0"]
[WhiteTitle "IM"]
[BlackTitle "IM"]
[WhiteElo "2528"]
[BlackElo "2382"]
[WhiteFideId "110973"]
[BlackFideId "5040299"]
[EventDate "2015.09.02"]

1. e4 c5 2. Nf3 Nc6 3. Bb5 e6 4. O-O Nge7 5. d4 cxd4 6. Nxd4 Qc7 7. Be3 a6 8.
Be2 Ng6 9. c4 Be7 10. Nc3 O-O 11. Rc1 Nxd4 12. Qxd4 d6 13. Na4 Bd7 14. Nb6 Rab8
15. b4 e5 16. Qd1 Bc6 17. Nd5 Bxd5 18. cxd5 Qd8 19. Qd2 f5 20. exf5 Nh4 21. Bg4
Nxf5 22. Bxf5 Rxf5 23. Rc4 Rc8 24. Rfc1 Rxc4 25. Rxc4 Bf8 26. Qc2 Rf7 27. a4 Qd7
28. h3 Qe8 29. Rc8 Qe7 30. b5 axb5 31. axb5 Qd7 32. Qc4 Qf5 33. b6 h6 34. Rc7
Qf6 35. Qg4 e4 36. Qxe4 Re7 37. Qf4 Qxf4 38. Bxf4 Rf7 39. Bg3 g5 40. Kf1 Kg7 41.
Ke2 Kg6 42. Ke3 Re7+ 43. Kd4 Rf7 44. Kc4 Rg7 45. Kb5 Rf7 46. f3 Rg7 47. Rxb7
Rxb7 48. Ka6 Rd7 49. b7 Rd8 50. Ka7 Bg7 51. b8=Q Bd4+ 52. Kb7 Rxb8+ 53. Kxb8 Kf5
54. Bxd6 Be5 55. Kc7 1-0

[Event "World Junior Open 2015"]
[Site "Khanty-Mansiysk RUS"]
[Date "2015.09.04"]
[Round "3.16"]
[White "Karthikeyan, Murali"]
[Black "Bilguun, Sumiya"]
[Result "1-0"]
[WhiteTitle "GM"]
[BlackTitle "FM"]
[WhiteElo "2509"]
[BlackElo "2343"]
[WhiteFideId "5074452"]
[BlackFideId "4901541"]
[EventDate "2015.09.02"]

1. e4 c5 2. Nf3 e6 3. d4 cxd4 4. Nxd4 a6 5. Bd3 Qc7 6. O-O Nf6 7. Qe2 d6 8. c4
Nbd7 9. Nc3 g6 10. Rd1 Bg7 11. Nf3 O-O 12. Bf4 Nh5 13. Be3 Ne5 14. Rac1 Bd7 15.
Nxe5 Bxe5 16. g3 Bg7 17. Qd2 Nf6 18. Bf1 Bc6 19. Qxd6 Qxd6 20. Rxd6 Ng4 21. Bb6
Rfc8 22. Bg2 Ne5 23. b3 Nd7 24. Be3 Bf8 25. Rdd1 b5 26. Ne2 bxc4 27. Rxc4 Ne5
28. Rc2 Be8 29. Rdc1 Rxc2 30. Rxc2 a5 31. f4 Ng4 32. Bd4 a4 33. h3 axb3 34. axb3
Nh6 35. g4 Bg7 36. g5 1-0

[Event "World Junior Open 2015"]
[Site "Khanty-Mansiysk RUS"]
[Date "2015.09.04"]
[Round "3.17"]
[White "Popov, Mikhail"]
[Black "Arat, Ufuk Sezen"]
[Result "0-1"]
[WhiteTitle "FM"]
[BlackTitle "FM"]
[WhiteElo "2327"]
[BlackElo "2441"]
[WhiteFideId "4146182"]
[BlackFideId "6309089"]
[EventDate "2015.09.02"]

1. e4 g6 2. d4 Bg7 3. Nc3 d6 4. f4 Nf6 5. Nf3 O-O 6. Bd3 Bg4 7. h3 Bxf3 8. Qxf3
e5 9. dxe5 dxe5 10. f5 Nc6 11. g4 Nd4 12. Qf2 Re8 13. Be3 c6 14. O-O-O b5 15.
Kb1 a5 16. Ne2 Rb8 17. g5 Nd7 18. Nxd4 exd4 19. Bxd4 Qxg5 20. h4 Bxd4 21. Qxd4
Qe7 22. fxg6 hxg6 23. h5 g5 24. h6 Ne5 25. Qe3 f6 26. Rdf1 a4 27. Rf5 Rf8 28.
Rhf1 Kh8 29. Be2 Rbd8 30. Qf2 Nd7 31. Bd3 a3 32. b3 Qb4 33. Qa7 Rf7 34. Qc7 Qc3
35. Qxd8+ Rf8 36. Qxf8+ Nxf8 37. Kc1 Nd7 38. Kd1 Ne5 39. Ke2 c5 40. Rxf6 c4 41.
bxc4 bxc4 42. Rd1 cxd3+ 43. cxd3 Qd4 44. Ra6 Ng4 45. Kf3 Ne5+ 46. Ke2 g4 47. Rd2
Nc4 48. dxc4 Qxc4+ 49. Kf2 Qxa6 50. Kg3 Qe6 51. Re2 Kh7 52. Kf4 Kxh6 53. Rg2 Kh5
54. Rh2+ Kg6 55. Rg2 Kf6 56. Rf2 Qb6 57. Kg3+ Ke5 58. Re2 Qg1+ 59. Rg2 Qd1 60.
Kh4 Qh1+ 61. Kg3 Qh3+ 62. Kf2 Qf3+ 63. Kg1 g3 0-1

[Event "World Junior Open 2015"]
[Site "Khanty-Mansiysk RUS"]
[Date "2015.09.04"]
[Round "3.18"]
[White "Laurusas, Tomas"]
[Black "Bogdanov, Egor"]
[Result "1-0"]
[WhiteTitle "IM"]
[WhiteElo "2429"]
[BlackElo "2333"]
[WhiteFideId "12803731"]
[BlackFideId "14119137"]
[EventDate "2015.09.02"]

1. d4 Nf6 2. c4 g6 3. Nc3 Bg7 4. e4 O-O 5. h3 d6 6. Nge2 e5 7. d5 c6 8. Bg5 h6
9. Be3 b5 10. dxc6 bxc4 11. Qa4 Qc7 12. Nd5 Nxd5 13. exd5 f5 14. Nc3 e4 15.
O-O-O Na6 16. g3 Rb8 17. Nb5 Qf7 18. Bxc4 Nc7 19. Nxc7 Qxc7 20. Qxa7 Qxa7 21.
Bxa7 Rxb2 22. Bb3 Bc3 23. Be3 Re2 24. Bc4 Rb2 25. Bd2 Bg7 26. Bf4 Rb4 27. Bb3
Rd8 28. Bd2 Rb5 29. Be3 Rb4 30. Kd2 Ba6 31. Rb1 g5 32. a3 Rb5 33. a4 Rb4 34. Bc2
Rc4 35. Rb6 Bc3+ 36. Kc1 Ra8 37. Bb3 Rb4 38. Rxb4 Bxb4 39. h4 Rb8 40. hxg5 Bd3
41. Kb2 hxg5 42. Bd4 Re8 43. Rh5 Bd2 44. Be3 Bxe3 45. fxe3 Kf7 46. Rxg5 Kf6 47.
Rh5 Kg6 48. Rh4 Be2 49. Kc3 Rb8 50. Rh2 Ba6 51. Bc4 Bc8 52. Rh8 1-0

[Event "World Junior Open 2015"]
[Site "Khanty-Mansiysk RUS"]
[Date "2015.09.04"]
[Round "3.19"]
[White "Ali Marandi, Cemil Can"]
[Black "Kirk, Ezra"]
[Result "1-0"]
[WhiteTitle "IM"]
[BlackTitle "FM"]
[WhiteElo "2422"]
[BlackElo "2315"]
[WhiteFideId "6300529"]
[BlackFideId "600067"]
[EventDate "2015.09.02"]

1. b3 e5 2. Bb2 Nc6 3. e3 Nf6 4. Nf3 Bd6 5. d4 exd4 6. exd4 O-O 7. Be2 Re8 8.
O-O Bf8 9. d5 Nxd5 10. Qxd5 Rxe2 11. Ng5 Qe7 12. Qd3 Qxg5 13. Qxe2 d5 14. Nd2
Bg4 15. Nf3 Qf5 16. c4 dxc4 17. bxc4 Bd6 18. Rfe1 Bxf3 19. Qxf3 Qxf3 20. gxf3
Kf8 21. Rad1 Nd8 22. f4 Ne6 23. f5 Nc5 24. f6 g6 25. Be5 Rd8 26. Bxd6+ Rxd6 27.
Rxd6 cxd6 28. Re7 a6 29. Kg2 h6 30. Kf3 b5 31. cxb5 axb5 32. Ke3 Kg8 33. Kd4 g5
34. Kd5 Nd3 35. Kxd6 Nxf2 36. Re8+ Kh7 37. Ke7 Kg6 38. Rg8+ 1-0

[Event "World Junior Open 2015"]
[Site "Khanty-Mansiysk RUS"]
[Date "2015.09.04"]
[Round "3.20"]
[White "Hasenohr, Benedict"]
[Black "Iskandarov, Misratdin"]
[Result "0-1"]
[WhiteTitle "FM"]
[BlackTitle "IM"]
[WhiteElo "2309"]
[BlackElo "2405"]
[WhiteFideId "1303309"]
[BlackFideId "13400312"]
[EventDate "2015.09.02"]

1. d4 Nf6 2. Nf3 g6 3. c4 Bg7 4. Nc3 O-O 5. e4 d6 6. Be2 Bg4 7. Be3 Nfd7 8. Ng1
Bxe2 9. Ngxe2 e5 10. d5 f5 11. f3 Bh6 12. Bxh6 Qh4+ 13. g3 Qxh6 14. Qd2 Qh5 15.
O-O Nf6 16. exf5 gxf5 17. g4 fxg4 18. Ng3 Qg6 19. fxg4 Qxg4 20. Rf5 Qh4 21. Rg5+
Kh8 22. Nf5 Qxg5+ 23. Qxg5 Rg8 24. Qxg8+ Nxg8 25. Nb5 Na6 26. Rf1 Rf8 27. Nxa7
Nf6 28. Nb5 Nh5 29. Ng3 Nf4 30. a3 h5 31. Nxh5 Rg8+ 32. Ng3 Rg4 33. b3 Nc5 34.
Rf3 Rg7 35. Kf1 Rh7 36. Kg1 Ncd3 37. b4 Rg7 38. Kf1 Nb2 39. Rc3 Rf7 40. Ke1
Nfd3+ 41. Kd2 Rf2+ 42. Ke3 Rxh2 43. Nxc7 Rh3 44. Kf3 e4+ 45. Kg4 Nf2+ 46. Kf5
Nfd1 47. c5 Nxc3 48. cxd6 Rh6 49. Nxe4 Nxe4 50. Kxe4 Rxd6 51. Nb5 Rd8 52. d6 Kg7
53. Kd5 Kf6 54. Nc3 Nd3 55. Ne4+ Kf7 56. Ng5+ Ke8 57. Ne6 Rc8 58. b5 Kd7 0-1

[Event "World Junior Open 2015"]
[Site "Khanty-Mansiysk RUS"]
[Date "2015.09.04"]
[Round "3.21"]
[White "Carneiro, Vitor Roberto Castro"]
[Black "Vokhidov, Shamsiddin"]
[Result "0-1"]
[WhiteTitle "CM"]
[WhiteElo "2405"]
[BlackElo "2292"]
[WhiteFideId "2130106"]
[BlackFideId "14204223"]
[EventDate "2015.09.02"]

1. c4 f5 2. Nf3 Nf6 3. g3 d6 4. d4 g6 5. b3 Bg7 6. Bb2 c6 7. Bg2 O-O 8. O-O e5
9. dxe5 Ng4 10. Nc3 dxe5 11. e4 f4 12. Qxd8 Rxd8 13. Rad1 Re8 14. h3 Nh6 15.
gxf4 exf4 16. e5 Nf7 17. Ne4 Bf5 18. Nf6+ Bxf6 19. exf6 Nd7 20. Nd4 Nde5 21.
Nxf5 gxf5 22. f3 Re6 23. Rfe1 Rae8 24. Kf1 h5 25. Bc1 Ng6 26. Rxe6 Rxe6 27. c5
Re8 28. Kf2 Rd8 29. Re1 Nfe5 30. Bf1 Kf7 31. Bxf4 Nxf4 32. Rxe5 Kxf6 33. Re1 h4
34. Rc1 Ne6 35. Rc2 Rd1 36. b4 Nd4 37. Rb2 Ke5 38. a4 Kf4 39. b5 Ra1 40. Rb4
Ra2+ 41. Kg1 Ke3 42. Bg2 Ne2+ 43. Kh1 Kf2 44. f4 Nc3 45. Rc4 Rc2 46. Kh2 Ke3 47.
b6 a5 48. Kh1 Rc1+ 49. Kh2 Kd3 50. Rb4 axb4 51. Bxc6 b3 0-1

[Event "World Junior Open 2015"]
[Site "Khanty-Mansiysk RUS"]
[Date "2015.09.04"]
[Round "3.22"]
[White "Serikbay, Chingiz"]
[Black "Leiva, Giuseppe"]
[Result "0-1"]
[WhiteTitle "FM"]
[BlackTitle "IM"]
[WhiteElo "2272"]
[BlackElo "2400"]
[WhiteFideId "13707604"]
[BlackFideId "3804399"]
[EventDate "2015.09.02"]

1. e4 c5 2. Nf3 d6 3. d4 cxd4 4. Nxd4 Nf6 5. Nc3 a6 6. h3 e5 7. Nde2 h5 8. Bg5
Be6 9. Bxf6 Qxf6 10. Nd5 Qd8 11. Nec3 Nc6 12. Ne3 g6 13. Ncd5 Bh6 14. a4 O-O 15.
Bc4 Kg7 16. O-O Rc8 17. c3 Qg5 18. Kh1 Qh4 19. f3 Ne7 20. Qe1 Qxe1 21. Rfxe1
Bxe3 22. Nxe7 Rxc4 23. Rxe3 Kf6 24. Nd5+ Bxd5 25. exd5 Rfc8 26. Kg1 h4 27. Ra3
R8c7 28. a5 R7c5 29. Rd3 Kf5 30. Rb3 Rb5 31. Rxb5 axb5 32. b3 Rc5 33. Kf2 Kf4
34. b4 Rc4 35. Re3 f5 36. Rd3 g5 37. Re3 e4 38. fxe4 fxe4 39. Ke2 Ke5 0-1

[Event "World Junior Open 2015"]
[Site "Khanty-Mansiysk RUS"]
[Date "2015.09.04"]
[Round "3.23"]
[White "Beradze, Irakli"]
[Black "Sanal, Vahap"]
[Result "1-0"]
[BlackTitle "IM"]
[WhiteElo "2380"]
[BlackElo "2522"]
[WhiteFideId "13604597"]
[BlackFideId "6300545"]
[EventDate "2015.09.02"]

1. Nf3 c5 2. g3 Nc6 3. c4 g6 4. Nc3 Bg7 5. Bg2 e6 6. O-O Nge7 7. d3 O-O 8. a3 d5
9. Bd2 b6 10. Rb1 d4 11. Na4 Rb8 12. b4 cxb4 13. axb4 b5 14. Nc5 Qb6 15. Qc2 e5
16. Rfc1 h6 17. Be1 Kh7 18. Qa2 a6 19. cxb5 axb5 20. Nd2 Nd8 21. Ra1 Ndc6 22.
Ndb3 f5 23. Na5 Nd8 24. Qd2 Rf6 25. f4 Rd6 26. Qa2 Ne6 27. fxe5 Bxe5 28. Bf2 Kg7
29. Rc2 Nc7 30. Qb2 Rd8 31. Rac1 Qf6 32. Ncb7 Bxb7 33. Nxb7 Rxb7 34. Bxb7 Ne6
35. Qa2 h5 36. Rc6 Nxc6 37. Rxc6 Bd6 38. Bc8 Nc7 39. Qa7 Qe7 40. Qxd4+ Kh7 41.
Qb6 h4 42. Bb7 Ne6 43. Rc8 Rxc8 44. Bxc8 Ng5 45. Kf1 hxg3 46. hxg3 Bxb4 47. Qxb5
Nh3 48. Bd4 Bd6 49. Bxf5 Qf8 50. Kg2 Ng5 51. Qb7+ Kh6 52. Bg4 Bxg3 53. Qb1 Bh4
54. Qb7 Nh7 55. Qc7 Nf6 56. Qh2 Kg5 57. Be3+ Kxg4 58. Qf4+ Kh5 59. Qf3+ Ng4 60.
Qxf8 1-0

[Event "World Junior Open 2015"]
[Site "Khanty-Mansiysk RUS"]
[Date "2015.09.04"]
[Round "3.24"]
[White "Menezes, Christoph"]
[Black "Bida, Mihai-Eugen"]
[Result "0-1"]
[WhiteTitle "FM"]
[BlackTitle "FM"]
[WhiteElo "2364"]
[BlackElo "2394"]
[WhiteFideId "1617001"]
[BlackFideId "1200062"]
[EventDate "2015.09.02"]

1. Nf3 c5 2. c4 Nc6 3. Nc3 g6 4. g3 Bg7 5. Bg2 e5 6. O-O Nge7 7. Ne1 d6 8. Nc2
O-O 9. a3 a5 10. d3 Be6 11. Rb1 d5 12. cxd5 Nxd5 13. Ne3 Nde7 14. Bd2 Rb8 15.
Na4 b6 16. b4 cxb4 17. axb4 axb4 18. Bxb4 Nxb4 19. Rxb4 Qd6 20. Qb1 b5 21. Nc3
Nc6 22. Bxc6 Qxc6 23. Nxb5 Qb7 24. Qc2 Rfc8 25. Qd2 Bh6 26. Rfb1 Bh3 27. f3 Qb6
28. d4 Qa5 29. Qd3 Rc1+ 30. Kf2 exd4 31. Nc4 Qxb4 0-1

[Event "World Junior Open 2015"]
[Site "Khanty-Mansiysk RUS"]
[Date "2015.09.04"]
[Round "3.25"]
[White "Van Laeken, Jonathan"]
[Black "Ratkovic, Miloje"]
[Result "0-1"]
[WhiteElo "1866"]
[BlackElo "2388"]
[WhiteFideId "228567"]
[BlackFideId "914517"]
[EventDate "2015.09.02"]

1. d4 Nf6 2. c4 e6 3. Nc3 Bb4 4. Qc2 Nc6 5. Nf3 d6 6. Bd2 O-O 7. a3 Bxc3 8. Bxc3
Qe7 9. e3 a5 10. b3 b6 11. Be2 Bb7 12. O-O Nb8 13. Nd2 Nbd7 14. f3 c5 15. Bd3
Rfc8 16. Rfe1 cxd4 17. Bxd4 e5 18. Bc3 h6 19. Qb2 Rc7 20. e4 Nc5 21. Be2 Nh5 22.
Nf1 Nf4 23. Rad1 Qg5 24. Ng3 h5 25. Bf1 g6 26. Rxd6 h4 27. Bxe5 hxg3 28. hxg3
Nfe6 29. Red1 Qe3+ 30. Kh1 Rc6 31. Bf4 Rxd6 32. Bxe3 Rxd1 33. Qe2 Rb1 34. b4
axb4 35. axb4 Raa1 0-1

[Event "World Junior Open 2015"]
[Site "Khanty-Mansiysk RUS"]
[Date "2015.09.04"]
[Round "3.26"]
[White "Lootens, Matthias"]
[Black "Megalios, Konstantinos"]
[Result "1/2-1/2"]
[WhiteElo "1935"]
[BlackElo "2242"]
[WhiteFideId "218634"]
[BlackFideId "4238044"]
[EventDate "2015.09.02"]

1. e4 c5 2. Be2 Nc6 3. f4 g6 4. Nf3 Bg7 5. d3 e6 6. c3 d5 7. O-O Nge7 8. Na3 O-O
9. Qe1 Rb8 10. Qh4 b5 11. Nc2 a5 12. f5 exf5 13. e5 Nxe5 14. Bf4 f6 15. Qg3 g5
16. Nxg5 fxg5 17. Bxe5 Bxe5 18. Qxe5 Rb6 19. Qe3 f4 20. Qxc5 g4 21. Qd4 Rbf6 22.
Ne1 Nc6 23. Qf2 Ne5 24. Qh4 f3 25. Qg5+ Kh8 26. Qxe5 Re8 27. Qg3 Rxe2 28. Rf2
Qe7 29. Nc2 Rxf2 30. Qxf2 fxg2 31. Qxg2 Re6 32. Rf1 Re2 33. Rf2 1/2-1/2

[Event "World Junior Open 2015"]
[Site "Khanty-Mansiysk RUS"]
[Date "2015.09.04"]
[Round "3.27"]
[White "Taalaibekov, Tagir"]
[Black "El Fazari, Mohamed Amin"]
[Result "1-0"]
[WhiteElo "2222"]
[BlackElo "1832"]
[WhiteFideId "13801163"]
[BlackFideId "9002545"]
[EventDate "2015.09.02"]

1. d4 d5 2. c4 c6 3. Nf3 Nf6 4. e3 e6 5. Nbd2 Nbd7 6. Bd3 Bd6 7. O-O O-O 8. e4
dxe4 9. Nxe4 Nxe4 10. Bxe4 f5 11. Bc2 Nf6 12. Qe2 Qc7 13. b3 b6 14. Bb2 Re8 15.
c5 Bf8 16. Rac1 b5 17. Ne5 Bb7 18. f4 Rad8 19. Rf3 a5 20. Rh3 g6 21. a3 Nd5 22.
Rf1 b4 23. a4 Bg7 24. Bd3 Re7 25. g4 Rf8 26. gxf5 exf5 27. Bc4 Rd8 28. Qf2 Bf6
29. Rf3 Bc8 30. h4 Rg7 31. Kh1 Be6 32. Rh3 Kh8 33. Rg1 Rc8 34. Qf3 Bxe5 35. dxe5
Qf7 36. Rd1 Rd8 37. Kh2 Rd7 38. Rd3 Kg8 39. Kg3 Qe7 40. Qf2 h6 41. Kh2 Kh7 42.
Rhf3 Kg8 43. Ba1 Kh7 44. Rd2 Rd8 45. Rfd3 Qf7 46. Bb2 Rgg8 47. Rd1 Qe7 48. Rg1
Qf7 49. Kg2 Qe7 50. Rgd1 Kg7 51. Kf1 Kf7 52. Ke2 g5 53. fxg5 hxg5 54. Bxd5 Rxd5
55. Rxd5 cxd5 56. hxg5 Qxg5 57. Rd3 Qh5+ 58. Rf3 Rg4 59. c6 Qh1 60. Rxf5+ Ke7
61. Qc5+ Kd8 62. Qd6+ 1-0